| 000 | 00947nam a2200253 a 4500 | ||
|---|---|---|---|
| 001 | BRCA_486 | ||
| 005 | 20190320203030.0 | ||
| 008 | 271206s1998----mx-a---###---#000-0#spa-d | ||
| 020 | _a9687559039 (Obra completa) | ||
| 041 | _aspa | ||
| 044 | _amx | ||
| 050 | 4 |
_aF1222.63 _b.S55 1998 |
|
| 100 | 1 |
_aSilva, Luz María _91679 |
|
| 245 | 1 | 0 |
_aLas memorias del club _ba través de sus socios : 1941-1998 _cLuz María Silva. |
| 260 |
_aMéxico _bClub de Banqueros de México _c1998 |
||
| 300 |
_a3 v. _bil. _c29 cm. |
||
| 500 | _aIncluye identificación iconográfica, abreviaturas y siglas e índice de nombres (v.3) | ||
| 500 | _aIncluye información sobre la vida de Franz Mayer : p. 239-242 (v.1) | ||
| 500 | _aCP Rogerio Casas Alatriste socio del Club desde 1956 : p. 518 (v.2) | ||
| 504 | _aBibliografía : p. 799-809 (v.3) | ||
| 650 | 1 | 4 |
_aBanqueros _vMemorias _zMéxico _91680 |
| 710 | 2 |
_aClub de Banqueros de México _91681 |
|
| 942 |
_2lcc _cB |
||
| 999 |
_c420 _d420 |
||